LEADER 01186nam a2200277 4500 001 000000354250 003 CaOOAMICUS 005 20230802093117.0 008 230614s2023 it 000 u ita r 020 $a978-88-922409-3-3 040 $aSeMil$bita 100 1 $aMagrassi, Mariano,$d<1930-2004>.$0(OLS)http://semarc/name/10244 245 10$aPreghiera, liturgia, lectio divina /$cMariano Magrassi ; a cura del Cardinale Marcello Semeraro. 264 1$aCinisello Balsamo :$bSan Paolo,$c2023. 300 $a223 p. ;$c21 cm 541 0 $aOmaggio mons. Mario Delpini (3K II 439) 650 4$aLiturgia e preghiera.$0(OLS)http://semarc/subject/40921 700 1 $aSemeraro, Marcello,$c.$0(OLS)http://semarc/name/21320 850 $aSeMil 852 $aSeMil$W1$xVenegono$y1$m3K II 439$j242665$B245495$CSeMilBibl$Z2$F245495 $81 941 1 $a7 961 $aOmaggio mons. Mario Delpini 996 $6020$a978-88-922409-3-3$9(OLS)http://semarc/number/298359 996 $6245$aPreghiera, liturgia, lectio divina$9(OLS)http://semarc/title/444383 996 $6264$aCinisello Balsamo :$bSan Paolo$9(OLS)http://semarc/publisher/30129 LEADER 01049nam a2200265 i 4500 001 000000117670 003 CaOOAMICUS 005 20030904000000.0 008 030904s1953 it u000 u ita u 013 $a90359 040 $aSeMil$bita 100 1 $aLanz, Arnaldo M.,$c.$0(OLS)http://semarc/name/27624 245 10$aLineamenti di ascetica e mistica /$cArnaldo M. Lanz. 260 $aMilano :$bVita e Pensiero,$cstampa 1953. 300 $aXII, 290 p. ;$c20 cm. 490 0 $aBiblioteca ascetica [Vita e pensiero]v29. 500 $aFondo Card. C.M. Martini. 650 4$aAscetica e mistica - Manuali.$0(OLS)http://semarc/subject/4031 830 0$aBiblioteca ascetica ;$v29.$0(OLS)http://semarc/title/9193 850 $aSeMil 852 $aSeMil$W1$xVenegono$y1$m2C I 45$j73035$B73035$CSeMilBibl$Z2$F92038 $81 941 1 $a4 961 $aOmaggio: Martini Card. Carlo Maria 996 $6245$aLineamenti di ascetica e mistica$9(OLS)http://semarc/title/172765 996 $6260$aMilano :$bVita e Pensiero$9(OLS)http://semarc/publisher/29642